Prc̀tica fiscal

Detalles Bibliográficos
Formato: Desconocido
Lenguaje:español
Publicado: Mx̌ico : Tax
Materias:
Acceso en línea:Acceso restringido

MARC

LEADER 00000ny a22000003n 4500
005 20110510134438.0
008 001102c19uu9999mx sr 0 spa d
022 |a 0188-6096 
035 |a 2271 
040 |a USA.FVI  |d vLex 
090 |c 1553  |d 1553 
245 3 0 |a Prc̀tica fiscal  |h [Recurso electrn̤ico] 
246 3 |a Prc̀tica fiscal, laboral y legal-empresarial 
256 |a Servicio en ln̕ea 
260 |a Mx̌ico :  |b Tax 
310 |a Bimensual 
506 1 |a Contenido solo disponible en los productos indicados  |d vLex Global  |d vLex Global (Academic Edition, excluding Law Schools)  |d vLex Global (U.S. Academic Edition, Law Schools)  |d vLex Global (U.S. Academic Edition, excluding Law Schools)  |d vLex Global (Academic Edition, Law Schools) 
650 0 4 |a Impuesto  |z Mx̌ico  |x Publicaciones perid̤icas 
650 0 4 |a Derecho fiscal 
740 0 |a vLex Revista (Servicios en ln̕ea) 
843 |a Electrn̤ica. Abierta 
853 |8 1  |i (year)  |j (month)  |k (day) 
856 4 0 |u http://vlex.com/source/2271  |z Acceso restringido 
942 |c REV